000 00654nam a22002537a 4500
001 BR9503702
003 BR-BrBNA
005 20230928094618.0
007 ta
008 230509b bl.||||| |||| 00| 0 por d
040 _aBR-BrBNA
_bpor
_cBiblioteca Nacional de Agricultura
041 _a(Por)
072 _aL40
090 _ L40 BR9503702
100 1 _aRodrigues, S. de A.
245 1 _aZoologia - Espectro de perspectiva do reino animal
250 1 _a8. ed.
260 3 _aSao Paulo, SP (Brasil):
_bCultrix,
_c[nd].
300 _a299 p.
500 _a117 illus.
650 _aZoologia
909 _a202309
_bLucia
_c55
_dLucia Elande
942 _cBK
999 _c51656
_d51656